000 00542nam a2200181Ia 4500
003 GCL
008 140319s9999 xx 000 0 ara d
040 _aGCL /
_cGCL
082 0 4 _a953.0738
_bع ا
100 1 _aعبدالمنعم ماجد
245 1 0 _aالإمام المستنصر بالله الفاطمى /
_cعبدالمنعم ماجد
300 _a301
490 _aكتاب
_v0
650 0 4 _aالدولة الفاطمية
650 0 4 _aالتاريخ الاسلامى
650 0 4 _aالمستنصر بالله
942 _2ddc
_cBK
999 _c41460
_d41460